000 00423nam a2200181Ia 4500
003 0100
008 130303s9999 xx 000 0 und d
040 _cARRUPELIB
050 _aDF215.B741956
100 _aBotsford, George Willis
245 _aHellenic history
260 _aNY
260 _bMacmillan
260 _C1956
300 _a519p
700 _aby G.W. Botsford and Charles Alexander Robinson
942 0 0 _01
999 _c51146
_d51146